Dovoz výrobno-technických zariadení pre VD Kožatex na báze devízovo-návratného úveru záverečná práca postgraduálneho štúdia

Salvato in:
Dettagli Bibliografici
Autore principale: Kardoš, Ivan
Ente Autore: Vysoká škola ekonomická v Bratislave
Altri autori: Sipko, Juraj
Natura: Libro
Lingua:slovacco
Pubblicazione: Bratislava 1990
Tags: Aggiungi Tag
Nessun Tag, puoi essere il primo ad aggiungerne!!

MARC

LEADER 00000nam a2200000 4500
001 c033988
005 20221215070430.4
041 0 |a slo 
044 |a SK 
245 1 0 |a Dovoz výrobno-technických zariadení pre VD Kožatex na báze devízovo-návratného úveru  |b záverečná práca postgraduálneho štúdia  |c Ivan Kardoš ; Ved. práce J. Sipko 
264 1 |a Bratislava  |c 1990 
300 |a 36 s. 
100 1 |a Kardoš, Ivan 
700 1 |a Sipko, Juraj 
710 2 |a Vysoká škola ekonomická v Bratislave